000
00249nam a2200109Ia 4500
008
230312s9999||||xx |||||||||||||| ||und||
082
_a
759.951
_b
NIC:G
100
_a
nickel:john
245
0
_a
Generative design
650
_a
Architecture
942
_c
BK
999
_c
14546
_d
14546